| 000 | 00577cab a2200205 4500 | ||
|---|---|---|---|
| 001 | WB3323-41 | ||
| 008 | 090401t1997 xxu||||| |||| 00| 0 eng d | ||
| 035 | _a(Sirsi) u78866 | ||
| 041 | _aeng | ||
| 245 | _aIron statesman of property | ||
| 260 | _c1997 | ||
| 350 | _a0 | ||
| 490 |
_aSunday Business _v`News review` 8 June 1997, 1(1) |
||
| 520 | _aInterview with Slough Estates chairman Sir Nigel Mobbs. | ||
| 650 | _aSIR NIGEL MOBBS | ||
| 650 | _aSLOUGH ESTATES | ||
| 690 | _aMANAGEMENT-BUSINESS MANAGEMENT-PROFESSIONAL PRACTICE | ||
| 942 | _n0 | ||
| 948 | _c11/06/1997 | ||
| 999 |
_c49568 _d49568 |
||